|
|
|
|
| LEADER |
00000nab a2200000 a 4500 |
| 001 |
vtls010623890 |
| 003 |
SK-MaSNL |
| 005 |
20260429131458.0 |
| 008 |
140924c1970 xo r 100 00slo |
| 015 |
|
|
|a SNBRA2014/09SVKPO
|
| 038 |
|
|
|a SVKPO
|
| 040 |
|
|
|a SVKPOCL
|b slo
|c SVKPOCL
|e AACR2
|
| 041 |
0 |
|
|a slo
|
| 044 |
|
|
|a xo
|c SK
|
| 080 |
|
|
|a 82.0:929:821.162.4-3
|2 2001
|
| 080 |
|
|
|a 821.162.4-3.09
|2 2001
|
| 080 |
|
|
|a (048)
|2 2001
|
| 100 |
1 |
|
|a Maukšová, Felicitas,
|d 1939-
|4 aut
|9 226035
|
| 245 |
1 |
0 |
|a O ľudskej nádeji a beznádeji
|c Felicitas Maukšová
|
| 600 |
1 |
7 |
|a Buchanec, Jozef,
|d 1926-1980
|t Zatmenie nížiny
|2 svkpocl
|9 1510987
|
| 600 |
1 |
7 |
|a Buchanec, Jozef,
|d 1926-1980
|t Námestie pre nahých
|2 svkpocl
|9 1510988
|
| 650 |
0 |
7 |
|a slovenská literatúra
|2 svkpocl
|9 1115
|
| 655 |
|
7 |
|a recenzie
|2 svkpocl
|9 21907
|
| 773 |
0 |
|
|t Nové obzory 12 : spoločenskovedný zborník východného Slovenska
|d Košice : Východoslovenské vydavateľstvo pre Múzeum Slovenskej republiky rád v Prešove, 1970
|g S. 512-514
|
| 787 |
0 |
8 |
|i Rec.:
|a Buchanec, Jozef, 1926-1980
|t Zatmenie nížiny
|d Košice : Východoslovenské vydavateľstvo, 1965
|
| 787 |
0 |
8 |
|i Rec.:
|a Buchanec, Jozef, 1926-1980
|t Námestie pre nahých
|d Košice : Východoslovenské vydavateľstvo, 1968
|
| 852 |
|
|
|a SVKPO
|b KIS3GCP
|
| 958 |
|
|
|a SK
|
| 958 |
|
|
|a NB
|
| 958 |
|
|
|a LX
|
| 999 |
|
|
|c 3021339
|d 3023269
|